banner-ar

La Chapelle D'Hathor : (Record no. 60772)

MARC details
000 -الفاتح
حقل البيانات ثابتة الطول 00865nam a22002537a 4500
005 - وقت وتاريخ اخر تعامل مع التسجيلة
رقم الضبط 20240530110427.0
008 - عناصر البيانات ثابتة الطول - معلومات عامة
حقل البيانات ثابتة الطول 150323s2012 ua abf f b 001 0 fre d
020 ## - الرقم الدولى المعيارى للكتب
الرقم الدولى المعيارى للكتاب 9782724706208
022 ## - الرقم الدولى المعيارى للدوريات
المصدر 0257411
040 ## - مصدر الفهرسة
وكالة الفهرسة الأصلية EG-CaGPL
وكالة النسخ EG-CaGPL
082 04 - رقم تصنيف ديوى العشرى
رقم الطبعة 21
رقم التصنيف 932
رقم المادة CC/B C
100 1# - المدخل الرئيسى - إسم شخصى
الإسم الشخصى Beaux , Nathalie
245 ## - بيان العنوان
العنوان La Chapelle D'Hathor :
بقية العنوان Temple D'Hatchepsout A Deir EL Bahari /
بيان المسئوليه,etc Nathalie Beaux , Nicolas Grimal , Gael Pollin
رقم الجزء/قسم العمل 1 Vesti
اسم جزء/قسم العمل Vestibule Et Sanctuaires : 2- Figures
260 ## - PUBLICATION, DISTRIBUTION, ETC. (IMPRINT)
تاريخ النشر أو التوزيع 2012 .
300 ## - الوصف المادى
التعداد 3 v. :
تفاصيل ماديه اخرى للوعاء ill. ;
أبعاد الوعاء 30 cm.
504 ## - تبصرة ببليوجرافية
تبصرة ببليوجرافية,الخ Includes bibliographical references and index.
650 #0 - المدخل الاضافى بالموضوع-مصطلح موضوعى
مصطلح موضوعي La Chapelle
650 #0 - المدخل الاضافى بالموضوع-مصطلح موضوعى
مصطلح موضوعي La Chapelle D'Hathor
التقسيم الفرعي العام Figures
700 1# - المدخل الاضافى - اسم شخصى
الإسم الشخصى Grimal , Nicolas
700 1# - المدخل الاضافى - اسم شخصى
الإسم الشخصى Pollin , Gael
942 ## - عناصر المدخل الإضافي( كوها)
مصدر التصنيف او مخطط الترفيف Dewey Decimal Classification
Koha [default] item type كتاب
260 ## - PUBLICATION, DISTRIBUTION, ETC. (IMPRINT)
-- Le Caire :
-- Institut Francais D'Archeologie Orientale ,
Holdings
حالة التراجع حالة الفقد مصدر التصنيف او خطة الترفيف حالة تلف ليس للاعارة المكان المؤقت الموقع الحالى تاريخ الاكتساب اجمالي اﻻعارات رقم الطلب الباركود تاريخ اخر مشاهدة تاريخ تفعيل السعر نوع وعاء كوها
    ddc     مكتبة القاهرة الكبرى مكتبة القاهرة الكبرى 03/25/2015   932 CC/B C 159890 03/25/2015 03/25/2015 كتاب

Powered By

EGPV